Campo de poder, campo intelectual : itinerario de un concepto /
Guardado en:
| Autor Principal: | |
|---|---|
| Formato: | Libro |
| Publicado: |
Buenos Aires :
Montressor,
2002
|
| Series: | Jungla Simbólica
|
| Materias: | |
| Etiquetas: |
Agregar Etiqueta
Sin Etiquetas, Sea el primero en etiquetar este registro!
|
| LEADER | 00603nam a22002055a 4500 | ||
|---|---|---|---|
| 001 | CEM.cems013848 | ||
| 008 | 130507s2002##################000#0#####d | ||
| 005 | 20210705085509.0 | ||
| 003 | CEMS | ||
| 245 | 1 | 0 | |a Campo de poder, campo intelectual : |b itinerario de un concepto / |c Pierre Bourdieu |
| 260 | |a Buenos Aires : |b Montressor, |c 2002 | ||
| 300 | |a 126 p. | ||
| 490 | 0 | |a Jungla Simbólica | |
| 590 | |a 1024.013 | ||
| 100 | 1 | |a Bourdieu, Pierre | |
| 653 | |a Biblioteca TC | ||
| 653 | |a Sociología | ||
| 653 | |a Poder | ||
| 653 | |a Sociología de la cultura | ||
| 859 | |a CEMS |b BIB. CEMS - 11 de abril |h TC |p 1024.013 |t Ej.1 | ||
